| Tag |
First Indicator |
Second Indicator |
Subfields |
| LEADER |
00000cam a2200000Ii 4500 |
| 001 |
in00004125421 |
| 005 |
20200420141345.0 |
| 008 |
190702s2019 gw a bc 000 0 eng d |
| 020 |
|
|
|a 3775746307
|q paperback
|
| 020 |
|
|
|a 9783775746304
|q paperback
|
| 035 |
|
|
|a (OCoLC)on1107361705
|
| 040 |
|
|
|a YDX
|e rda
|c YDX
|d COO
|d UAB
|d UtOrBLW
|
| 049 |
|
|
|a TXAM
|
| 050 |
|
4 |
|a GV1785.H342
|b A25 2019
|
| 082 |
0 |
|
|a 792.8092
|2 23
|
| 245 |
0 |
0 |
|a Re-perspective Deborah Hay /
|c edited by Susan Leigh Foster ; [commented by Deborah Hay].
|
| 264 |
|
1 |
|a Berlin :
|b Hatje Cantz,
|c [2019]
|
| 300 |
|
|
|a 183 pages :
|b illustrations (some color) ;
|c 26 cm.
|
| 336 |
|
|
|a text
|b txt
|2 rdacontent
|
| 336 |
|
|
|a still image
|b sti
|2 rdacontent
|
| 337 |
|
|
|a unmediated
|b n
|2 rdamedia
|
| 338 |
|
|
|a volume
|b nc
|2 rdacarrier
|
| 500 |
|
|
|a Published in conjunction with: RE-perspective Deborah Hay: works from 1968 to the present, August 9-31, 2019, Tanz im August 31, Internationales Festival Berlin.
|
| 504 |
|
|
|a Includes bibliographical references.
|
| 600 |
1 |
0 |
|a Hay, Deborah,
|d 1941-
|v Catalogs.
|
| 650 |
|
0 |
|a Modern dance.
|0 http://id.loc.gov/authorities/subjects/sh85086440
|
| 700 |
1 |
|
|a Hay, Deborah,
|d 1941-
|e writer of supplementary textual content,
|e choreographer.
|0 http://id.loc.gov/authorities/names/n93079379
|
| 700 |
1 |
|
|a Foster, Susan Leigh,
|e editor.
|0 http://id.loc.gov/authorities/names/n85073856
|
| 711 |
2 |
|
|a Tanz im August (Festival :
|d (2019 :
|c Berlin, Germany),
|j host institution.
|
| 945 |
|
|
|b 292024
|
| 947 |
|
|
|a A14850815888
|
| 948 |
|
|
|a cataloged
|b h
|c 2020/1/14
|d c
|e dmitchel
|f 12:44:16 pm
|
| 994 |
|
|
|a 92
|b TXA
|
| 999 |
f |
f |
|s 6823c546-bd2f-380f-87ed-9d72a0c3f397
|i 92580606-e714-3a83-ac5a-25282602d0aa
|t 0
|
| 952 |
f |
f |
|p normal
|a Texas A&M University
|b College Station
|c Sterling C. Evans Library
|d Evans: Library Stacks
|t 0
|e GV1785.H342 A25 2019
|h Library of Congress classification
|i unmediated -- volume
|m A14850815888
|
| 998 |
f |
f |
|a GV1785.H342 A25 2019
|t 0
|l Evans: Library Stacks
|